000 01733cam a22004574i 4500
003 PE-LiUPU
005 20250731175637.0
008 150706s2008 mx r 000 0 spa d
020 _a9681853970
020 _a9789681853976
035 _a(Sirsi) i9789681853976
040 _aPE-LiUPU
_bspa
_cPE-LiUPU
_erda
049 _aPRUA
082 0 4 _a423
_bG25
_221
100 1 _aGarcía Díaz, Rafael,
_eautor.
245 1 0 _aDiccionario técnico español - inglés :
_bTechnical dictionary Spanish - English /
_cRafael García Díaz.
250 _a2a edición.
264 1 _aMéxico :
_bLimusa,
_c2008.
300 _axiv, 836 páginas ;
_c26 centímetros
336 _atext
_2rdacontent
337 _aunmediated
_2rdamedia
338 _avolume
_2rdacarrier
500 _aEspañol e ingles.
505 0 _aDiccionario de inglés: inglés-español, español-inglés -- De la letra A hata la Z.
526 _aP145
526 _aP127
526 _aP97
526 _aP35
526 _aP14
526 _aP07
650 0 4 _aIngles
_xDiccionarios
_xEspañol.
650 0 4 _aTecnología
_vDiccionarios.
910 _agl
_bjv
_cng
_d20101019
910 _bksl
_cksl
_d20190416
942 _2ddc
_cBOOK
949 _a423 G25
_wDEWEY
_c1
_i62196
_d2016-8-21
_e2016-8-17
_lCCODEBUL1
_mBUL
_n15
_p36.00
_r0
_sY
_tBOOK
_u2015-7-6
_xEDUCACION
_zUNKNOWN
_0COMPRA
_o.STAFF. Colección General
994 _aC0
_bPEPRU
596 _a1
999 _a423 G25
_wDEWEY
_c51271
_i62196
_d51271
_e2018-3-26
_f2021-11-8
_g6
_lCCODEBUL1
_mBUL
_n18
_p36.00
_q3
_r0
_sY
_tBOOK
_u2015-7-6
_xEDUCACION
_zUNKNOWN
_0COMPRA
_o.STAFF. Colección Ciencias Humanas y Educación
980 _81
_gALBERTO SANCHEZ Responsable de Automatización